| 000 | 00878nam a22001815i 4500 | ||
|---|---|---|---|
| 001 | 156023 | ||
| 003 | ES-MaACL | ||
| 005 | 20230906210308.0 | ||
| 008 | 050803s1887 sp | |||||||| ||spa d | ||
| 040 |
_aCAM _bspa _cCAM |
||
| 110 | 2 |
_aInstituto Provincial de Segunda Enseñanza de Navarra. _95223 |
|
| 245 | 1 | 0 |
_aMemoria sobre el estado del Instituto Provincial de 2ª. Enseñanza de Navarra _b: leída el día 1º de octubre en la ... apertura del curso académico 1886 á 1887 / _cpor Víctor Sainz de Robles. |
| 260 |
_aPamplona : _b[s.n.], _c1887 ( _fImprenta Provincial, á cargo de V. Cantera) |
||
| 300 |
_a71 p. ; _c20 cm. |
||
| 610 | 2 | 4 |
_aInstituto Provincial de Segunda Enseñanza de Navarra- _vMemorias. _9134531 |
| 700 | 1 |
_aSáinz de Robles, Víctor. _9132999 |
|
| 852 |
_aES-MaACL _jT-472-F-13 _z-- Enc. hol., falto de la cub. original _z-- Enc. en un vol. facticio |
||
| 999 |
_c156023 _d156023 |
||